00669nam a2200133Ia 4500008004100000020001400041040004400055100003200099245008500131260003000216300001400246600026000260999001500520180412s9999||||xx |||||||||||||| ||und|| a853241112 aAhmadu Bello University Library - Zaria aDAGGETT, P.R., GEDDES, D.N. 0aPractical medicine : a guide to outpatient managementcP.R. Daggett, D.N. Geddes aLondon.bLloyd-Lukec1976 axi, 292p. aDuties and obligations of physicians.;General Medicine.;Medicine as distinguished from surgery (internal medicine, in French often called "Pathologie interne");Medical ethics and etiquette [deontology].;Medical responsibility.;Medical certificates.;Theory c1811d1811